Sports - Fastest Growing Worldwide - Statistics

General Stats
  • This quiz has been taken 22 times
  • The average score is 9 of 15
Answer Stats
Picture Answer % Correct
Table Tennis
100%
Rugby
95%
T20 Cricket
95%
Climbing
86%
Mixed Martial Arts
76%
Pickleball
71%
Paddleboarding
67%
Parkour
67%
Ultimate Frisbee
52%
ESports
43%
Footgolf
43%
Disc Golf
38%
Drone Racing
29%
Padel
29%
Adventure Racing
10%
No matching quizzes found
Score Distribution
Percent of People with Each Score
Percentile by Number Answered
Your Score History
You have not taken this quiz